<?xml version="1.0" encoding="UTF-8"?>
<record
    xmlns:xsi="http://www.w3.org/2001/XMLSchema-instance"
    xsi:schemaLocation="http://www.loc.gov/MARC21/slim http://www.loc.gov/standards/marcxml/schema/MARC21slim.xsd"
    xmlns="http://www.loc.gov/MARC21/slim">

  <leader>01234nam a22002897a 4500</leader>
  <datafield tag="999" ind1=" " ind2=" ">
    <subfield code="c">21912</subfield>
    <subfield code="d">21912</subfield>
  </datafield>
  <controlfield tag="003">AR-CdUCM</controlfield>
  <controlfield tag="008">190425b           ||||| |||| 00| 0 spa d</controlfield>
  <datafield tag="040" ind1=" " ind2=" ">
    <subfield code="a">MUNICIPALIDAD PROVINCIAL DEL CUSCO</subfield>
    <subfield code="c">BIBLIOTECA MUNICIPAL DEL CUSCO</subfield>
  </datafield>
  <datafield tag="082" ind1=" " ind2=" ">
    <subfield code="a">Rev.MA/N&#xB0;7/2000</subfield>
  </datafield>
  <datafield tag="110" ind1=" " ind2=" ">
    <subfield code="a">Universidad Nacional De San Antonio Abad del Cusco</subfield>
    <subfield code="9">15942</subfield>
  </datafield>
  <datafield tag="245" ind1=" " ind2=" ">
    <subfield code="a">Maestros Antonianos V :</subfield>
    <subfield code="b">Luis Nieto Miranda cantos y batallas poes&#xED;a &#xE9;dita /</subfield>
    <subfield code="c">Universidad Nacional de San Antonio Abad del Cusco</subfield>
  </datafield>
  <datafield tag="260" ind1=" " ind2=" ">
    <subfield code="a">Cusco :</subfield>
    <subfield code="b">UNSAAC,</subfield>
    <subfield code="c">2000.</subfield>
  </datafield>
  <datafield tag="300" ind1=" " ind2=" ">
    <subfield code="a">236 p&#xE1;ginas. :</subfield>
    <subfield code="c">25 cm.</subfield>
  </datafield>
  <datafield tag="440" ind1=" " ind2=" ">
    <subfield code="a">Ediciones Especiales UNSAAC</subfield>
    <subfield code="n">Siglo XX. N&#xB0;7</subfield>
    <subfield code="9">46802</subfield>
  </datafield>
  <datafield tag="505" ind1=" " ind2=" ">
    <subfield code="a">Contenido: La escritura m&#xFA;ltiple de un poeta &#xED;ntegro. Mario Pantoja. --  Luis Nieto Miranda. Los poemas perversos. -- Pu&#xF1;os en alto. -- Mariategui. -- Charango. La canci&#xF3;n herida...</subfield>
  </datafield>
  <datafield tag="650" ind1=" " ind2=" ">
    <subfield code="a">Intelectuales cusque&#xF1;os</subfield>
    <subfield code="9">46142</subfield>
  </datafield>
  <datafield tag="650" ind1=" " ind2=" ">
    <subfield code="a">Narrativa cusque&#xF1;a</subfield>
    <subfield code="9">10453</subfield>
  </datafield>
  <datafield tag="650" ind1=" " ind2=" ">
    <subfield code="a">Escritores cusque&#xF1;os</subfield>
    <subfield code="9">10661</subfield>
  </datafield>
  <datafield tag="650" ind1=" " ind2=" ">
    <subfield code="a">Poetas cusque&#xF1;os</subfield>
    <subfield code="9">5956</subfield>
  </datafield>
  <datafield tag="650" ind1=" " ind2=" ">
    <subfield code="a">Poes&#xED;a</subfield>
    <subfield code="9">46803</subfield>
  </datafield>
  <datafield tag="650" ind1=" " ind2=" ">
    <subfield code="a">Literatura cusque&#xF1;a</subfield>
    <subfield code="9">46804</subfield>
  </datafield>
  <datafield tag="700" ind1=" " ind2=" ">
    <subfield code="a">Pantoja, Mario</subfield>
    <subfield code="9">6566</subfield>
  </datafield>
  <datafield tag="700" ind1=" " ind2=" ">
    <subfield code="a">Nieto Degregori, Luis</subfield>
    <subfield code="9">6534</subfield>
  </datafield>
  <datafield tag="700" ind1=" " ind2=" ">
    <subfield code="a">Nieto Miranda, Luis</subfield>
    <subfield code="9">31822</subfield>
  </datafield>
  <datafield tag="942" ind1=" " ind2=" ">
    <subfield code="2">ddc</subfield>
    <subfield code="c">PP</subfield>
  </datafield>
  <datafield tag="945" ind1=" " ind2=" ">
    <subfield code="a">rac</subfield>
  </datafield>
  <datafield tag="952" ind1=" " ind2=" ">
    <subfield code="0">0</subfield>
    <subfield code="2">ddc</subfield>
    <subfield code="4">0</subfield>
    <subfield code="7">0</subfield>
    <subfield code="a">HEM</subfield>
    <subfield code="b">HEM</subfield>
    <subfield code="c">CART</subfield>
    <subfield code="d">2021-10-15</subfield>
    <subfield code="g">10.00</subfield>
    <subfield code="o">Rev.MA/N&#xB0;7/2000</subfield>
    <subfield code="p">REVC000434</subfield>
    <subfield code="r">2021-10-15</subfield>
    <subfield code="y">PP</subfield>
  </datafield>
  <datafield tag="952" ind1=" " ind2=" ">
    <subfield code="0">0</subfield>
    <subfield code="2">ddc</subfield>
    <subfield code="4">0</subfield>
    <subfield code="7">0</subfield>
    <subfield code="a">HEM</subfield>
    <subfield code="b">HEM</subfield>
    <subfield code="c">CART</subfield>
    <subfield code="d">2021-10-15</subfield>
    <subfield code="g">10.00</subfield>
    <subfield code="o">Rev.MA/N&#xB0;7/2000/e.2</subfield>
    <subfield code="p">REVC000435</subfield>
    <subfield code="r">2021-10-15</subfield>
    <subfield code="y">PP</subfield>
  </datafield>
</record>
